000 02223cam a22002651i 4500
003 SA-RiAUC
005 20250918080451.0
008 250910s2011 le g 0000i ara c
040 _aSA-JeALM
_bara
_cSA-RiAUC
_erda
082 0 4 _a816.5
_qSA-RiAUC
090 _a816.5
_bا ب و ع
100 1 _aأبو العلاء المعري، أحمد بن عبد الله بن سليمان،
_d363-449 هجري
_eمؤلف.
245 1 0 _aرسالة الغفران /
_cأبو العلاء المعري ؛ وضع حواشيه وقدم له علي حسن فاعور.
264 1 _aبيروت :
_bدار الكتب العلمية،
_c2001.
300 _a288 صفحة ؛
_c24 سم
336 _aنص
_btxt
_2rdacontent
_3كتاب
337 _aبدون وسيط
_bn
_2rdamedia
338 _aمجلد
_bnc
_2rdacarrier
650 7 _aالرسائل العربية
_yالعصر العباسي الثاني
_2aucsh
700 1 _aفاعور، علي حسن
_eمعلق.
856 _uhttp://www.alwaraq.net/Core/waraq/coverpage?bookid=173&option=1
_yExternal Link
_2 نرجو الانتباه لإمكانية وجود اختلاف في الطبعة أو الناشر بين البيانات على البوابة وما ستجده على الكتاب نظرا لمحدودية المعلومات المتاحة على الموقع الناشر للمادة.
_3Please note that there may be a difference in the edition or publisher between the data on the portal and the book due to the limited information available on the publisher website for the material.
856 _uhttp://www.alwaraq.net/Core/AlwaraqSrv/bookpage?book=173&option=1&fkey=2&page=1
_yDigital Copy
_2 نرجو الانتباه لإمكانية وجود اختلاف في الطبعة أو الناشر بين البيانات على البوابة وما ستجده على الكتاب نظرا لمحدودية المعلومات المتاحة على الموقع الناشر للمادة.
_3Please note that there may be a difference in the edition or publisher between the data on the portal and the book due to the limited information available on the publisher website for the material.
942 _2ddc
_cBOOK
_n0
949 _aSA-JeALM
_d250910
_umohamedma123
_n1
999 _c11922
_d11922